Générique Digimon - Paroles - Statistiques

Statistiques générales
  • Ce quiz a été pris 112 fois
  • Le résultat moyen est 20 sur 22
Statistiques - réponses
Paroles % Correct
Digimon, petit {monstre}
99%
Digimon, petit {monstre}
99%
Digimon, petit {monstre}
98%
Digimon, petit {monstre}
98%
Tu es le {champion}
98%
Tu es le {champion}
98%
Di Di {Di}
97%
Tu es le {champion}
97%
Tu es le {champion}
97%
Digimon {Digimon}
95%
Digimon {Digimon}
95%
Di Di {Di}
94%
Digimon, petit {monstre}
89%
Digimon, petit {monstre}
88%
Digimon, petit {monstre}
88%
Tu es le {champion}
88%
Tu es le {champion}
88%
{Digimon} !
84%
Dans ton espace {virtuel}
81%
Tu apparais tellement {réel}
81%
Digital, pays {spécial}
60%
Au contact, cyber-{digital}
57%
Aucun quiz correspondant
Distribution des résultats
% des personnes avec chaque résultat
Percentile par nombre de réponses
Votre historique - résultats
Vous n’avez pas pris ce quiz